|
|
|
|
| LEADER |
00000nam a2200000Ii 4500 |
| 001 |
DIGUNIMAG0016 |
| 003 |
NyNyDIG |
| 006 |
m o d |
| 007 |
cr ||||||||||| |
| 008 |
200810s2018 ck ob 000 0 spa d |
| 035 |
|
|
|a (OCoLC)1083462749
|
| 040 |
|
|
|a DGITA
|b eng
|e rda
|e pn
|c DGITA
|
| 020 |
|
|
|a 9789587461435
|q eBook
|q pdf
|
| 020 |
|
|
|a 9587461436
|q eBook
|q pdf
|
| 020 |
|
|
|a 9789587461442
|q eBook
|q ePub
|
| 020 |
|
|
|a 9587461444
|q eBook
|q ePub
|
| 020 |
|
|
|z 9789587461428
|q impreso
|
| 020 |
|
|
|z 9587461428
|q impreso
|
| 050 |
1 |
4 |
|a RC86.8 ebook
|
| 082 |
0 |
4 |
|a 616.025
|
| 245 |
0 |
0 |
|a Guías de decisión en urgencias :
|b medicina del adulto (GUMA) /
|c John Carlos Pedroza Pupo, Gabriel Jesús Celemín-Güete (compiladores)
|
| 250 |
|
|
|a Primera edición.
|
| 264 |
|
1 |
|a Santa Marta, Colombia :
|b Editorial Unimagdalena,
|c 2018.
|
| 300 |
|
|
|a 1 online resource.
|
| 336 |
|
|
|a text
|b txt
|2 rdacontent
|
| 337 |
|
|
|a computer
|b c
|2 rdamedia
|
| 338 |
|
|
|a online resource
|b cr
|2 rdacarrier
|
| 347 |
|
|
|a text file
|2 rdaft
|
| 347 |
|
|
|b PDF
|
| 347 |
|
|
|a EPUB
|
| 504 |
|
|
|a Includes bibliographical references.
|
| 588 |
0 |
|
|a Online resource; title from PDF title page (Digitalia, viewed August 11, 2020)
|
| 650 |
|
0 |
|a Emergency medicine
|v Handbooks, manuals, etc.
|
| 650 |
|
0 |
|a Critical care medicine
|v Handbooks, manuals, etc.
|
| 650 |
|
0 |
|a Medical emergencies
|v Handbooks, manuals, etc.
|
| 655 |
|
0 |
|a Electronic books.
|
| 700 |
1 |
|
|a Pedrozo Pupo, John C.,
|e editor.
|
| 700 |
1 |
|
|a Celemín-Güete,Gabriel J.,
|e editor.
|
| 791 |
2 |
|
|a Digitalia (Firm),
|e distributor.
|
| 793 |
0 |
|
|g Digitalia eBook Collection:
|a Ediciones Unimagdalena
|
| 776 |
0 |
8 |
|i Print version:
|t Guías de decisión en urgencias medicina del adulto (GUMA).
|b Primera edición.
|d Santa Marta, Colombia : Editorial Unimagdalena, 2018
|z 9789587461428
|w (OCoLC)1191062303
|
| 856 |
4 |
0 |
|3 Digitalia Hispánica
|u https://www.digitaliapublishing.com/a/56217/
|
| 910 |
|
|
|a Premium collection: 2020
|